| 000 | 00449nam a2200133Ia 4500 | ||
|---|---|---|---|
| 008 | 171212s9999 xx 000 0 und d | ||
| 100 | _aGupta, Anoop | ||
| 245 |
_cGupta, Anoop _aKierkegaard's Romantic Legacy _bTwo Theories of the Self |
||
| 260 |
_bUniversity of Ottawa Press _c2005 |
||
| 440 | _aPhilosophica | ||
| 650 | _aKierkegaard, Søren, 1813-1855; Self (Philosophy) | ||
| 650 | _aPhilosophy | ||
| 856 | _uhttp://jstor.org/stable/j.ctt1ckpgbc | ||
| 999 |
_c353012 _d353012 |
||